000
00325nam a22001337a 4500
020
_a
9789381141373
082
_a
621.815
_b
RAO/DE
100
_a
Krishna Rao,T
245
_a
Design of machine elements, Vol.I
250
_a
2
260
_a
New Delhi
_b
I.K International Publishing Pvt. Ltd
_c
2011
300
_a
436
942
_c
BK
999
_c
13622
_d
13622